logo

Bir Sreshtho Munshi Abdur Rouf Library
Jhenaidah Cadet College

Clever folk / (Record no. 7377)

MARC details
000 -LEADER
fixed length control field 00662pam a2200241 a 4500
001 - CONTROL NUMBER
JCCL Control Number 7377
003 - CONTROL NUMBER IDENTIFIER
JCCL marc code BD - JhCC
005 - DATE AND TIME OF LATEST TRANSACTION
control field 20180208185051.0
008 - FIXED-LENGTH DATA ELEMENTS--GENERAL INFORMATION
fixed length control field 110318s1962 enka 001|0 eng|d
020 ## - INTERNATIONAL STANDARD BOOK NUMBER
International Standard Book Number 9780715338261 (pbk.) :
Terms of availability £15.99
020 ## - INTERNATIONAL STANDARD BOOK NUMBER
International Standard Book Number 0715338269 (pbk.) :
Terms of availability £15.99
035 ## - SYSTEM CONTROL NUMBER
system control number (BD - JhCC)7377
040 ## - CATALOGING SOURCE
Original cataloging agency StDuBDS
Transcribing agency StDuBDS
Modifying agency Uk
-- BD - JhCC
041 ## - LANGUAGE CODE
Language code of Book eng
082 04 - DEWEY DECIMAL CLASSIFICATION NUMBER
Classification number 428.6
DDC Edition number 22
Author mark and Year DIL
100 1# - MAIN ENTRY--PERSONAL NAME
Personal name Dillingham, R
245 10 - TITLE STATEMENT
Title Clever folk /
Statement of responsibility, etc R Dillingham
260 ## - PUBLICATION, DISTRIBUTION, ETC. (IMPRINT)
Place of publication, distribution, etc London
Name of publisher, distributor, etc Ginn and company ltd.,
Date of publication, distribution, etc 2011.
300 ## - PHYSICAL DESCRIPTION
Pagination 63 p. :
Other physical details ill. (chiefly col.) ;
Dimensions 18 cm.
520 ## - SUMMARY, ETC.
Summary, etc tajul
650 #0 - SUBJECT ADDED ENTRY--TOPICAL TERM
Topical term or geographic name as entry element Short story
942 ## - ADDED ENTRY ELEMENTS (KOHA)
Source of classification or shelving scheme Dewey Decimal Classification
Koha item type Books
Holdings
Source of classification or shelving scheme Damaged status Not for loan Home library Current library Shelving location Date of accession Cost, normal purchase price Total Checkouts Full call number Barcode Date last seen Copy number Koha item type
Dewey Decimal Classification     JCC Rouf Library JCC Rouf Library General Stacks 02/08/2018 3.00   428.6 DIL 1962 9542 02/08/2018 C-1 Books

JCC Library | Contacts | JCC Home

Last Update on 23 September 2017
Copyright @ 2017-2020 JCC Rouf Library
Rouf Library, Jhenidah Cadet College (JCC), Bangladesh